| 000 | 01043nam a2200253 a 4500 | ||
|---|---|---|---|
| 001 | 41083 | ||
| 003 | BD-RjUL | ||
| 005 | 20211209053328.0 | ||
| 008 | 160514s1982 bg ||||| |||| 001 0 ben d | ||
| 020 | _cTK. 20.00 | ||
| 035 | _a(BD-RjUL)41199 | ||
| 040 |
_aBD-RjUL _bben _cBD-RjUL _dBD-RjUL |
||
| 041 | _aben | ||
| 082 |
_223 _a891.44092 _bHAB 1982 |
||
| 100 |
_aহাসান, মোরশেদ শফিউল _9126390 |
||
| 245 | 1 | 0 |
_aবেগম রোকেয়া : _bসময় ও সাহিত্য / _cমোরশেদ শফিউল হাসান |
| 260 |
_aঢাকা : _bবাংলা একাডেমী, _c১৯৮২ |
||
| 300 |
_a[৮], ১৫২ পৃ. ; _c২৩ সেমি. |
||
| 490 |
_aবা/এ ; _v১২০৩ |
||
| 500 | _aনির্ঘণ্ট ও নির্দেশিকা সংযুক্ত | ||
| 600 |
_aবেগম রোকেয়া _d১৮৮০-১৯৩২ _xজীবনী _9126391 |
||
| 600 |
_cBegum Rokeya _d1880-1932 _xBiography _9126392 |
||
| 942 |
_2ddc _cBK _04 |
||
| 999 |
_c41083 _d41083 |
||